000 00495nam a2200157Ia 4500
008 241217s9999||||xx |||||||||||||| ||und||
020 _a1859712827
_c55
040 _beng
_cSSK Library
_erda
082 _a658/MAN
100 _a D Lynch & K Pardoe -
245 0 _aStage Two Management Science Applications: Practical Elements
260 _b Chartered Institute Of Management Accountants (Cima)
_c©1998
942 _2Dewey Decimal Classification
_cBOOK
_nNo
999 _c25780
_d25780
003 OSt
005 20241217112958.0